| 000 | 00722 a2200169 4500 | ||
|---|---|---|---|
| 003 | NUST | ||
| 005 | 20221229175914.0 | ||
| 040 | _cNust | ||
| 082 | _a357,SHU | ||
| 100 | _aShulman, Milton | ||
| 245 |
_aDefeat in the west / _cMIlton Shulman |
||
| 260 |
_aRawlapindi _bArmy education press _c1996-97 |
||
| 300 | _a336, p: | ||
| 505 | _aIntroduction (Page-v), Book One , The Road to Defeat , Part-1: The Causes (Page-1), Part-2: The Beginnings (Page-21), Part-3: The Mistakes (Page-54), Book Two , Defeat in The West , Part-4: The Invasion (Page-88), Part-5: The Decline (Page-122), Part-6: The Counter-Blow (Page-222), Part-7: The End (Page-262). | ||
| 650 |
_aDefeat in the west _9106444 |
||
| 942 |
_2ddc _cBK _k357,SHU |
||
| 999 |
_c185581 _d185581 |
||